El gran rallye / (Registro nro. 11053)

Detalles MARC
000 -LIDER
fixed length control field 00867nam a2200313 i 4500
001 - NÚMERO DE CONTROL
Identificador de número de control 00000627
003 - IDENTIFICACDOR DE NÚMERO DE CONTROL
control field DO-SdBNP
005 - DATE AND TIME OF LATEST TRANSACTION
control field 20180126123631.0
007 - CAMPOS FIJOS DE DESCRIPCIÓN FÍSICA
fixed length control field 00000627
008 - ELEMENTOS DE LONGITUD FIJA
fixed length control field 870715s1983 sp spa
015 ## - NÚMERO DENTRO DE LA BIBLIOGRAFÍA NACIONAL
National bibliography number 1988-ENE-1988-DIC-27041
020 ## - ISBN
International Standard Book Number 8471765624
035 ## - NÚMERO LOCAL
System control number
040 ## - FUENTE DE CATALOGACIÓN
Agencia que crea de manera original el registro BPMSU
Idioma de catalogación spa
Agencia que realiza la transcripción BPMSU
Convenciones de la despripción
041 ## - CÓDIGOS DE OBRAS TRADUCIDAS O EN VARIOS IDIOMAS
Cód. del idioma original y/o traducciones intermedias del texto
080 #0 - NÚMERO DE CLASIFICACIÓN DECIMAL UNIVERSAL
Universal Decimal Classification number
100 1# - ASIENTO PRINCIPAL -- NOMBRE PERSONAL
Nombre personal Montgomery, R. A.
240 14 - TITULO UNIFORME
Título uniforme The race forever
Idioma de una obra Español
245 13 - MENCIÓN DE TITULO
Título El gran rallye /
Medio (Designación general de material)
Mención de responsabilidad R.A. Montgomery ; ilustraciones, Ralph Reese
250 ## - MENCIÓN DE EDICION
Mención de edición
260 ## - PUBLICACIÓN, DISTRIBUCIÓN, ETC. (PIE DE IMPRENTA)
Lugar de publicación, distribución, etc Barcelona :
Nombre del editor, distribuidor, etc. Timun Mas,
Fecha de publicación, distribución, etc 1983
300 ## - DESCRIPCIÓN FÍSICA
Extensión 116 p.:
Otros detalles físicos il.;
Dimensiones 18 cm
490 1# - MENCIÓN DE SERIES
Mención de serie Elige tu propia aventura
Volume/sequential designation 7
700 1# - ASIENTO SECUNDARIO -- NOMBRE PERSONAL
Nombre personal Reese, Ralph
Mención de responsabilidad il.
830 #0 - ASIENTO SECUNDARIO DE SERIE--TÍTULO UNIFORME
Título uniforme Elige tu propia aventura
Idioma de una obra Español
Volume number/sequential designation 7
942 ## - ADDED ENTRY ELEMENTS (KOHA)
Source of classification or shelving scheme Dewey Decimal Classification
Koha item type Libros
945 ## - INFORMACIÓN DE PROCESAMIENTO LOCAL
Información de procesamiento local Inventariado, 2018/MFF
956 ## - LOCAL ELECTRONIC LOCATION AND ACCESS (OCLC)
Nombre de host VMATEO
Número de acceso 10
Información de compresión 20160729
Trayectoria BPMSU
Nombre Electrónico 0069
Existencias
Withdrawn status Lost status Source of classification or shelving scheme Damaged status Not for loan Collection code Home library Current library Date acquired Source of acquisition Total Checkouts Barcode Date last seen Price effective from Koha item type
    Dewey Decimal Classification       Biblioteca Pública Metropolitana Salomé Ureña Biblioteca Pública Metropolitana Salomé Ureña 07/29/2016 FUNDI   BPMET16070684 07/29/2016 07/29/2016 Libros